[Event "UNDER 1600 WORLD CUP - Round 1 -  Group 'D'"]
[Site "SchemingMind.com"]
[Date "2008.03.25"]
[Round "-"]
[White "maro"]
[Black "unluckythirtyfive"]
[Result "0-1"]
[WhiteCountry "MEX"]
[BlackCountry "USA"]
[WhiteElo "1315"]
[WhiteRD "70"]
[BlackElo "1742"]
[BlackRD "146"]
[GameID "146979"]

1. e4 e6 2. Nc3 d5 3. f3 dxe4 4. Nxe4 Nf6 5. d3 Nxe4 6. fxe4 Bd6 7. Be3 Nc6 8. Qd2 Qf6 9. g3 Qxb2 10. Qd1 Bb4+
11. Kf2 Bc3 12. Ne2 Qxa1 13. Nxc3 Qxc3 14. Bd2 Qf6+ 15. Bf4 e5 16. h4 exf4 17. gxf4 Qxf4+ 18. Ke1 Qg3+ 19. Kd2 Qf2+ 20. Be2 Bg4
21. Re1 Nd4 22. c3 Nxe2 23. Rxe2 Qxe2+ 24. Qxe2 Bxe2 25. Kxe2 O-O-O 26. d4 h6 27. e5 g5
0-1

[Event "UNDER 1600 WORLD CUP - Round 1 -  Group 'D'"]
[Site "SchemingMind.com"]
[Date "2008.03.25"]
[Round "-"]
[White "unluckythirtyfive"]
[Black "maro"]
[Result "1-0"]
[WhiteCountry "USA"]
[BlackCountry "MEX"]
[WhiteElo "1742"]
[WhiteRD "146"]
[BlackElo "1315"]
[BlackRD "70"]
[GameID "146980"]

1. d4 d5 2. e3 Qd6 3. Bd3 Bd7 4. Nd2 Nc6 5. c4 e6 6. c5 Qe7 7. Ngf3 Nf6 8. a3 g6 9. b4 a5 10. b5 Na7
11. a4 b6 12. c6 Nxc6 13. bxc6 Bxc6 14. Ba3 Qd7 15. Bxf8 Rxf8 16. Qb3 O-O-O 17. Ne5 Qd6 18. Nxc6 Qxc6 19. Bb5 Qd6 20. Rc1 Nd7
21. Rc6 Qe7 22. Qc3
1-0

[Event "UNDER 1600 WORLD CUP - Round 1 -  Group 'D'"]
[Site "SchemingMind.com"]
[Date "2008.04.20"]
[Round "-"]
[White "Positionalgenius"]
[Black "unluckythirtyfive"]
[Result "1-0"]
[WhiteCountry "USA"]
[BlackCountry "USA"]
[WhiteElo "1615"]
[WhiteRD "95"]
[BlackElo "1656"]
[BlackRD "120"]
[GameID "151448"]

1. Nf3 d5 2. d4 Nf6 3. c4 e6 4. Nc3 c5 5. cxd5 exd5 6. Bg5 cxd4 7. Nxd4 Be6 8. e3 Nc6 9. Bb5 h6 10. Nxc6 bxc6
11. Bxc6+
1-0

[Event "UNDER 1600 WORLD CUP - Round 1 -  Group 'D'"]
[Site "SchemingMind.com"]
[Date "2008.04.20"]
[Round "-"]
[White "Positionalgenius"]
[Black "maro"]
[Result "1-0"]
[WhiteCountry "USA"]
[BlackCountry "MEX"]
[WhiteElo "1527"]
[WhiteRD "163"]
[BlackElo "1315"]
[BlackRD "70"]
[GameID "151449"]

1. d4 d5 2. Nf3 f6 3. c4 dxc4 4. e4 Nc6 5. Nc3 Be6 6. d5 Qd6 7. dxe6 Rd8 8. Qxd6 Rxd6 9. Bxc4 a6 10. O-O b5
11. Bb3 g5 12. Be3 Bg7 13. Nd5 Nd8 14. Nxc7+ Kf8 15. Rad1 Nb7 16. Rxd6 Nxd6 17. Rd1 f5 18. exf5 g4 19. Ng5 h5 20. Bc5 Nb7
21. Nf7 Nh6 22. Nxh8 Bxh8 23. Be3 Nxf5 24. Rd7 Be5 25. Nxa6 Nbd6 26. Bc5 g3 27. hxg3 Kg7 28. Bxd6 Bxd6 29. Nc7 Kf6 30. Nd5+ Kxe6
31. Rb7 Nd4 32. Nf4+ Ke5 33. Ng6+ Kf6 34. Nf4 e5 35. Nxh5+ Kg5 36. Ng7 Kg4 37. Ne6 Ne2+ 38. Kf1 Nc1 39. Rxb5 e4 40. Rg5#
1-0

[Event "UNDER 1600 WORLD CUP - Round 1 -  Group 'D'"]
[Site "SchemingMind.com"]
[Date "2008.04.21"]
[Round "-"]
[White "unluckythirtyfive"]
[Black "Positionalgenius"]
[Result "1/2-1/2"]
[WhiteCountry "USA"]
[BlackCountry "USA"]
[WhiteElo "1656"]
[WhiteRD "120"]
[BlackElo "1615"]
[BlackRD "95"]
[GameID "151450"]

1. d4 Nf6 2. e3 d5 3. Bd3 Bg4 4. Nf3 e6 5. h3 Bh5 6. g4 Bg6 7. c3 Nbd7 8. Qc2 Bxd3 9. Qxd3 Be7 10. Nbd2 b6
11. e4 dxe4 12. Nxe4 Nxe4 13. Qxe4 Nf6 14. Qc6+ Nd7 15. Bf4 Rc8 16. Ne5 Bf6 17. Nxd7 Qxd7 18. Qxd7+ Kxd7 19. O-O-O g5 20. Bg3 h6
21. Rdf1 Be7= 22. f4 c5 23. dxc5 Rxc5 24. Rd1+ Kc6 25. Rhe1 gxf4 26. Bxf4 Bg5 27. Rd6+ Kc7 28. Rd4+ Kc6 29. Rd6+=
1/2-1/2

[Event "UNDER 1600 WORLD CUP - Round 1 -  Group 'D'"]
[Site "SchemingMind.com"]
[Date "2008.04.21"]
[Round "-"]
[White "maro"]
[Black "Positionalgenius"]
[Result "0-1"]
[WhiteCountry "MEX"]
[BlackCountry "USA"]
[WhiteElo "1315"]
[WhiteRD "70"]
[BlackElo "1527"]
[BlackRD "163"]
[GameID "151451"]

1. e3 d5 2. f4 Nf6 3. Qf3 Bg4 4. Qg3 Bf5 5. Nf3 e6 6. Ne5 Nbd7 7. Nc3 Bb4 8. b3 O-O 9. a4 Bxc3 10. dxc3 Bxc2
11. Ba3 Re8 12. Qf2 Bxb3 13. a5 Nxe5 14. Rb1 Neg4 15. Qb2 Bc4 16. h3 Nxe3 17. Be2 Nxg2+ 18. Kf2 Nxf4 19. Qd2 Ne4+ 20. Kf3 Nxd2+
21. Kxf4 Nxb1 22. Rxb1 Qf6+ 23. Ke3 Bxe2 24. Kxe2 b6 25. axb6 axb6 26. Bb2 Ra2 27. Kd3 Qf5+ 28. Ke3 Qxb1
0-1

[Event "UNDER 1600 WORLD CUP - Round 1 -  Group 'D'"]
[Site "SchemingMind.com"]
[Date "2008.04.20"]
[Round "-"]
[White "knightrider"]
[Black "Positionalgenius"]
[Result "0-1"]
[WhiteCountry "USA"]
[BlackCountry "USA"]
[WhiteElo "1467"]
[WhiteRD "78"]
[BlackElo "1615"]
[BlackRD "95"]
[GameID "151455"]

1. e4 c5 2. Nf3 d6 3. d4 cxd4 4. Nxd4 Nf6 5. Nc3 a6 6. Be3 e5 7. Nb3 Be6 8. Qd2 Be7 9. Bd3 O-O 10. Na4 Nbd7
11. c4 Qb8 12. O-O b5 13. Nc3 bxc4 14. Bxc4 Bxc4 15. Ne2 Bxb3 16. axb3 Qxb3 17. Rfc1 Nxe4 18. Qc2 Qxc2 19. Rxc2 Rfc8 20. Rxc8+ Rxc8
21. Rxa6 Ndc5 22. Ra3 d5 23. Nc3 Nxc3 24. Rxc3 d4
0-1

[Event "UNDER 1600 WORLD CUP - Round 1 -  Group 'D'"]
[Site "SchemingMind.com"]
[Date "2008.04.20"]
[Round "-"]
[White "knightrider"]
[Black "unluckythirtyfive"]
[Result "0-1"]
[WhiteCountry "USA"]
[BlackCountry "USA"]
[WhiteElo "1451"]
[WhiteRD "78"]
[BlackElo "1615"]
[BlackRD "110"]
[GameID "151456"]

1. e4 e6 2. d4 d5 3. Nc3 Bb4 4. e5 c5 5. a3 Bxc3+ 6. bxc3 Nc6 7. Nf3 Qb6 8. Rb1 Qa5 9. Bb2 Nge7 10. Be2 O-O
11. O-O b6 12. Bd3 Ba6 13. Bxa6 Qxa6 14. Qd3 c4 15. Qe2 Nf5 16. g4 Nh6 17. Nh4 Ne7 18. a4 Qxa4 19. Ra1 Qc6 20. Ba3 Rfe8
21. f4 a5 22. Bc1 Ng6 23. g5 Nf5 24. Nxf5 exf5 25. Ba3 b5 26. Qh5 Ne7 27. Rae1 Qg6 28. Qh3 Nc6 29. Bd6 Ra6 30. Rb1 Rb6
31. Rf3 Ra8 32. Qg2 Qe6 33. Rh3 Ne7 34. Rh5 Ng6 35. Qg3 Raa6 36. Kf2 b4 37. Qf3 b3 38. Rh3 bxc2 39. Rc1 Rb2 40. Qh5 Rxd6
41. exd6 Qxd6 42. Re1 c1=Q+
0-1

[Event "UNDER 1600 WORLD CUP - Round 1 -  Group 'D'"]
[Site "SchemingMind.com"]
[Date "2008.04.20"]
[Round "-"]
[White "knightrider"]
[Black "maro"]
[Result "1-0"]
[WhiteCountry "USA"]
[BlackCountry "MEX"]
[WhiteElo "1467"]
[WhiteRD "78"]
[BlackElo "1337"]
[BlackRD "71"]
[GameID "151457"]

1. e4 e5 2. Nf3 d6 3. d4 Nf6 4. Nc3 Nc6 5. d5 Na5 6. b4 Nc4 7. Bxc4 a6 8. a4 a5 9. b5 b6 10. O-O Be7
11. Be3 O-O 12. Ne2 Nxe4 13. Qd3 f5 14. g3 Bd7 15. Kg2 Rf6 16. Ng5 Rh6 17. h4 Qc8 18. Nxe4 f4 19. Ng5 fxe3 20. Qxe3 Rh5
21. Rh1 h6 22. g4 Bxg4 23. Ne6 Qe8 24. Ng3 Rxh4 25. Nxc7 Qg6 26. Nxa8 Bg5 27. Bd3 Qf7 28. Qe4 Bh3+ 29. Rxh3 Rf4 30. Qh7+ Kf8
31. Bg6 Rxf2+ 32. Kg1 Qf6 33. Qh8+ Ke7 34. Qe8#
1-0

[Event "UNDER 1600 WORLD CUP - Round 1 -  Group 'D'"]
[Site "SchemingMind.com"]
[Date "2008.04.20"]
[Round "-"]
[White "Positionalgenius"]
[Black "knightrider"]
[Result "0-1"]
[WhiteCountry "USA"]
[BlackCountry "USA"]
[WhiteElo "1615"]
[WhiteRD "95"]
[BlackElo "1467"]
[BlackRD "78"]
[GameID "151458"]

1. d4 d5 2. Nf3 Nf6 3. c4 e6 4. Nc3 Be7 5. Bg5 dxc4 6. e4 h6 7. Bxf6 Bxf6 8. e5 Bg5 9. Bxc4 Bd7 10. Nxg5 Qxg5
11. O-O Nc6 12. f4 Qe7 13. d5 Qc5+ 14. Kh1 Qxc4 15. dxc6 Bxc6 16. Qg4 O-O-O 17. Rac1 g5 18. a4 Rhg8 19. Nd5 Qxd5 20. fxg5 Rxg5
21. Qh3 Qxg2+ 22. Qxg2 Bxg2+ 23. Kg1 Bxf1+ 24. Kxf1 Rxe5
0-1

[Event "UNDER 1600 WORLD CUP - Round 1 -  Group 'D'"]
[Site "SchemingMind.com"]
[Date "2008.04.21"]
[Round "-"]
[White "unluckythirtyfive"]
[Black "knightrider"]
[Result "0-1"]
[WhiteCountry "USA"]
[BlackCountry "USA"]
[WhiteElo "1656"]
[WhiteRD "120"]
[BlackElo "1467"]
[BlackRD "78"]
[GameID "151459"]

1. d4 d5 2. e3 Nf6 3. Bd3 e6 4. Nd2 c5 5. c3 Bd6 6. f4 O-O 7. Ngf3 c4 8. Bc2 Nc6 9. O-O b5 10. Ne5 Bb7
11. g4 Nxe5 12. fxe5 Bc8 13. exf6 gxf6 14. Qf3 f5 15. gxf5 f6 16. Qg4+ Kh8 17. fxe6 Rg8
0-1

[Event "UNDER 1600 WORLD CUP - Round 1 -  Group 'D'"]
[Site "SchemingMind.com"]
[Date "2008.04.21"]
[Round "-"]
[White "maro"]
[Black "knightrider"]
[Result "0-1"]
[WhiteCountry "MEX"]
[BlackCountry "USA"]
[WhiteElo "1337"]
[WhiteRD "71"]
[BlackElo "1467"]
[BlackRD "78"]
[GameID "151460"]

1. Nc3 d5 2. d4 Nf6 3. Nf3 e6 4. Bf4 Nc6 5. a3 a6 6. e3 Be7 7. b4 b5 8. Bd3 O-O 9. O-O Bd6 10. g3 Ne7
11. Ne5 Ng6 12. Re1 Bb7 13. Qf3 Nxe5 14. Qg2 Nxd3 15. Re2 Nxf4 16. exf4 a5 17. Ree1 Ne4 18. Nxb5 Ba6 19. Qf1 Bxb5 20. Qxb5 axb4
21. axb4 Rxa1 22. Rxa1 Nc3 23. Qc6 Bxb4
0-1

[Event "UNDER 1600 WORLD CUP - Round 1 -  Group 'D'"]
[Site "SchemingMind.com"]
[Date "2008.04.25"]
[Round "-"]
[White "catfishcore"]
[Black "knightrider"]
[Result "1-0"]
[WhiteCountry "USA"]
[BlackCountry "USA"]
[WhiteElo "1415"]
[WhiteRD "83"]
[BlackElo "1467"]
[BlackRD "78"]
[GameID "152087"]

1. Nf3 Nf6 2. c4 c6 3. d4 d5 4. e3 e6 5. Bd3 Be7 6. Ne5 O-O 7. a3 Nbd7 8. b4 a6 9. c5 g6 10. Qf3 Nxe5
11. dxe5 Nd7 12. Bb2 f6 13. Qg3 fxe5 14. Bxg6 Bf6 15. Bc2+ Bg7 16. f4 Nf6 17. Bxe5 Qe8 18. Bd6 Nh5 19. Qg5 h6 20. Qg4 e5
21. Qf3 e4 22. Qf2 Rf5 23. Ra2 Be6 24. g4 d4 25. gxf5 Bxa2 26. Rg1 Nf6 27. Nd2 d3 28. Ba4 h5 29. h3 Nd5 30. Qg3 Qf7
31. Qh4 Nxe3 32. Be5 Nxf5 33. Qg5 Kh7 34. Nxe4 Rg8 35. Nf6+ Kh8 36. Nxg8 Kxg8 37. Bd1 d2+ 38. Kxd2 Qd5+ 39. Kc2 Ne3+ 40. Kc1 Qf7
41. Bxh5 Qf8 42. Rg3 Nf5 43. Rg2 Be6 44. Be2 Kf7 45. Qh5+ Ke7 46. Bd6+
1-0

[Event "UNDER 1600 WORLD CUP - Round 1 -  Group 'D'"]
[Site "SchemingMind.com"]
[Date "2008.04.25"]
[Round "-"]
[White "catfishcore"]
[Black "Positionalgenius"]
[Result "0-1"]
[WhiteCountry "USA"]
[BlackCountry "USA"]
[WhiteElo "1415"]
[WhiteRD "83"]
[BlackElo "1615"]
[BlackRD "95"]
[GameID "152088"]

1. Nf3 c5 2. c4 e6 3. e4 g6 4. d4 cxd4 5. Nxd4 Bg7 6. Nb5 a6 7. Nd6+ Ke7 8. c5 Qa5+ 9. Nc3 Qxc5 10. Nxc8+ Qxc8
11. Be2 Bxc3+ 12. Kf1 Bg7 13. a4 Nc6 14. h4 Nf6 15. Bf3 e5 16. Be3 Rd8 17. Bg5 h6 18. Be3 Ne8 19. Bc5+ d6 20. Bg4 Qc7
21. Ba3 h5 22. Be2 Nd4 23. Rc1 Qb6 24. Bc4 Rac8 25. Qd2 Nb3 26. Bxb3 Rxc1+ 27. Qxc1 Qxb3 28. Rh3 Qe6 29. f4 exf4 30. Rf3 Qxe4
31. Rxf4 Qd3+ 32. Kg1 Bd4+ 33. Kh2 Be5 34. g3 Bxf4 35. Qxf4 Rc8 36. Kg2 Rc2+ 37. Qf2 Rxf2+ 38. Kxf2 Nf6
0-1

[Event "UNDER 1600 WORLD CUP - Round 1 -  Group 'D'"]
[Site "SchemingMind.com"]
[Date "2008.04.25"]
[Round "-"]
[White "catfishcore"]
[Black "unluckythirtyfive"]
[Result "0-1"]
[WhiteCountry "USA"]
[BlackCountry "USA"]
[WhiteElo "1415"]
[WhiteRD "83"]
[BlackElo "1656"]
[BlackRD "120"]
[GameID "152089"]

1. Nf3 d5 2. c4 c5 3. e3 Bf5 4. cxd5 Nf6 5. Bb5+ Nbd7 6. Ne5 a6 7. Nxf7 Kxf7 8. Qf3 Bg4 9. Qf4 axb5 10. h3 Bh5
11. Qf5 Bg6 12. Qe6+ Ke8 13. d6 Bf7 14. Qb3 Bxb3 15. a3 exd6 16. O-O d5 17. Nc3 b4 18. Ne2 bxa3 19. d3 axb2 20. Bxb2 Rxa1
21. Bxa1 Bd6 22. Bc3 c4 23. dxc4 Bxc4 24. Re1 Bxe2 25. Rxe2 Qe7 26. Ra2 Be5 27. Ra8+ Bb8 28. Ba5 Kf7 29. Be1 Bh2+ 30. Kxh2 Rxa8
0-1

[Event "UNDER 1600 WORLD CUP - Round 1 -  Group 'D'"]
[Site "SchemingMind.com"]
[Date "2008.04.26"]
[Round "-"]
[White "catfishcore"]
[Black "maro"]
[Result "1-0"]
[WhiteCountry "USA"]
[BlackCountry "MEX"]
[WhiteElo "1370"]
[WhiteRD "90"]
[BlackElo "1315"]
[BlackRD "70"]
[GameID "152090"]

1. e4 e5 2. Nf3 d6 3. Nc3 Nc6 4. Bb5 a6 5. Bc4 Nge7 6. Ng5 Be6 7. Bxe6 fxe6 8. Qh5+ g6 9. Qh4 h6 10. Nxe6 g5
11. Qg4 Qd7 12. Qh5+ Ng6 13. Qxg6+ Ke7 14. Nd5#
1-0

[Event "UNDER 1600 WORLD CUP - Round 1 -  Group 'D'"]
[Site "SchemingMind.com"]
[Date "2008.04.25"]
[Round "-"]
[White "knightrider"]
[Black "catfishcore"]
[Result "0-1"]
[WhiteCountry "USA"]
[BlackCountry "USA"]
[WhiteElo "1467"]
[WhiteRD "78"]
[BlackElo "1415"]
[BlackRD "83"]
[GameID "152091"]

1. e4 b6 2. d4 Bb7 3. Nc3 e6 4. Bd3 Bb4 5. Bd2 Nc6 6. a3 Be7 7. Nf3 Nf6 8. b4 e5 9. d5 Nd4 10. Be3 Ng4
11. Nxd4 exd4 12. Bxd4 Nf6 13. Bc4 d6 14. Bb5+ Nd7 15. Bxg7 Rg8 16. Bh6 Rxg2 17. Qd2 a6 18. Bd3 Bh4 19. O-O-O Ne5 20. Rhg1 Rxf2
21. Rg8+ Kd7 22. Rdg1 Qf6 23. Qe3 Ng6 24. Rxa8 Bxa8 25. Qh3+ Kd8 26. Be3 Rf3 27. Qg2 Rxe3 28. Kd2 Rf3 29. Nd1 Bf2 30. Rf1 Nh4
31. Qg4 h5 32. Qg8+ Kd7 33. Qxa8 Qf4+ 34. Ke2 f5 35. Bxa6 Qxe4+
0-1

[Event "UNDER 1600 WORLD CUP - Round 1 -  Group 'D'"]
[Site "SchemingMind.com"]
[Date "2008.04.25"]
[Round "-"]
[White "Positionalgenius"]
[Black "catfishcore"]
[Result "1-0"]
[WhiteCountry "USA"]
[BlackCountry "USA"]
[WhiteElo "1584"]
[WhiteRD "87"]
[BlackElo "1426"]
[BlackRD "88"]
[GameID "152092"]

1. e4 b6 2. d4 Bb7 3. f3 e6 4. c4 Be7 5. Nc3 Bb4 6. Qc2 Nc6 7. Be3 Nge7 8. O-O-O Ng6 9. Kb1 O-O 10. Bd3 Nce7
11. Nge2 d5 12. cxd5 exd5 13. exd5 Re8 14. Bd2 a5 15. Bxg6 Nxg6 16. Ne4 Bxd5 17. Bxb4 axb4 18. b3 Qd7 19. Rc1 Ra7 20. Qd2 Qb5
21. Nf4 Bxe4+ 22. fxe4 Rd8 23. Nd5 c6 24. Nxb4 Rc8 25. Nd3 Rca8 26. Rc2 Ra3 27. Rhc1 h6 28. Rb2 Ne7 29. Rc3 Qa5 30. Qc2 Qa7
31. Nb4 Qc7 32. Nxc6 Nxc6 33. Rxc6 Qf4 34. Rc8+ Kh7 35. e5+ g6 36. Rxa8 Rxa8 37. Qf2 Qxh2 38. Qxf7+ Kh8 39. Qf6+ Kg8 40. Rc2 Qg1+
41. Kb2 Qxd4+ 42. Kb1 Qd1+ 43. Rc1 Qd3+ 44. Kb2 Qd4+ 45. Kb1 Qd2 46. Qxg6+ Kf8 47. Qd6+ Qxd6 48. exd6 Ke8 49. Rc6 Rb8 50. Rc7 Rd8
51. Rc6 b5 52. d7+ Rxd7 53. Rxh6 Rd2 54. Rb6 Rxg2 55. Rxb5 Rg1+ 56. Kb2 Kd7 57. Rc5 Kd6 58. b4 Rg3 59. a4 Rd3 60. Rc1 Rh3
61. b5 Rh8 62. Kb3 Rh3+ 63. Kb4 Rh4+ 64. Ka5 Rh8 65. b6 Rb8 66. Ka6
1-0

[Event "UNDER 1600 WORLD CUP - Round 1 -  Group 'D'"]
[Site "SchemingMind.com"]
[Date "2008.04.25"]
[Round "-"]
[White "unluckythirtyfive"]
[Black "catfishcore"]
[Result "1-0"]
[WhiteCountry "USA"]
[BlackCountry "USA"]
[WhiteElo "1656"]
[WhiteRD "120"]
[BlackElo "1415"]
[BlackRD "83"]
[GameID "152093"]

1. d4 b6 2. Nf3 Bb7 3. e3 e6 4. Bd3 Nc6 5. Nbd2 Qf6 6. c3 Bd6 7. e4 Qg6 8. O-O O-O-O 9. Qe2 Rf8 10. e5 Be7
11. Bxg6 hxg6 12. Nb3 f6 13. exf6 gxf6 14. Re1 e5 15. dxe5 fxe5 16. Nxe5 Rf5 17. Nxc6 Bxc6 18. Nd4 Rf7 19. Nxc6 dxc6 20. Qe4 Rfh7
21. h3 Kb7 22. Bf4 Nf6 23. Qe5 Nd5 24. Bg3 Re8 25. c4 Nb4 26. Qxc7+ Ka6 27. Rad1 Nc2 28. Rd7 Nxe1 29. Qxa7#
1-0

[Event "UNDER 1600 WORLD CUP - Round 1 -  Group 'D'"]
[Site "SchemingMind.com"]
[Date "2008.04.26"]
[Round "-"]
[White "maro"]
[Black "catfishcore"]
[Result "0-1"]
[WhiteCountry "MEX"]
[BlackCountry "USA"]
[WhiteElo "1271"]
[WhiteRD "63"]
[BlackElo "1437"]
[BlackRD "84"]
[GameID "152094"]

1. e4 b6 2. Qf3 e6 3. d3 Bb7 4. g4 Nc6 5. h4 Qe7 6. g5 Nd4 7. Qd1 Qc5 8. c3 Nc6 9. d4 Qe7 10. Qg4 O-O-O
11. Bh3 h6 12. Qh5 g6 13. Qg4 h5 14. Qg3 Kb8 15. Bf4 d6 16. Nf3 Ka8 17. Nbd2 Ba6 18. e5 d5 19. Rc1 Na5 20. b4 Nc4
21. a4 Qd7 22. Ra1 Ne7 23. Nb3 Nf5 24. Qh2 Nb2 25. Ra2 Nxa4 26. Bf1 b5 27. Bd3 Nxc3 28. Rxa6 Na4 29. Nfd2 Bxb4 30. O-O Kb7
31. Nc5+ Bxc5 32. Ra5 c6 33. Ra1 Bb4 34. R5xa4 bxa4 35. Rxa4 c5 36. Ra2 Nxd4 37. f3 c4 38. Bf1 c3 39. Bd3 cxd2 40. Bc2 Rc8
41. Ba4 Nxf3+ 42. Kg2 Qc7 43. Qh1 Qc3 44. Bg3 Qe3 45. Bb5 Rc1 46. Bf2 Qe2 47. Bxe2 Rxh1 48. Kxh1 Nxe5 49. Rxa7+ Kc6 50. Ra6+ Kb7
51. Bd4 f6 52. Rb6+ Kc7 53. Rxb4 Nc4 54. gxf6 Ra8 55. f7 Rf8 56. Bf2 Rxf7 57. Bg3+ Kc6 58. Kg2 Kc5 59. Rb1 Kd4 60. Rb3 e5
61. Rd3+ Kc5 62. Rc3 e4 63. Bf2+ Kb4 64. Bd4 Rc7 65. Kg3 Ra7 66. Kf4 Ra3 67. Rc2 Kb3 68. Bd1 Kb4 69. Kg5 Rg3+ 70. Kh6 e3
71. Bc3+ Kc5 72. Kg7 d4 73. Ba1 Rg1 74. Be2 d1=Q 75. Rxc4+ Kd5 76. Rxd4+ Qxd4+ 77. Bxd4 Kxd4 78. Kf7 Ke5 79. Bd3 g5 80. hxg5 Rxg5
81. Ke7 h4 82. Bf1 Rg1 83. Be2 h3
0-1

[Event "UNDER 1600 WORLD CUP - Round 1 -  Group 'D'"]
[Site "SchemingMind.com"]
[Date "2008.04.29"]
[Round "-"]
[White "campbell"]
[Black "knightrider"]
[Result "1-0"]
[WhiteCountry "IRL"]
[BlackCountry "USA"]
[WhiteElo "1565"]
[WhiteRD "86"]
[BlackElo "1451"]
[BlackRD "78"]
[GameID "152695"]

1. e4 Nc6 2. Nf3 e5 3. d4 exd4 4. Nxd4 Nf6 5. Nc3 Bc5 6. Be3 Nxd4 7. Bxd4 Qe7 8. Be2 d6 9. O-O O-O 10. Bf3 c6
11. Re1 Re8 12. Rb1 Be6 13. b4 Bxd4 14. Qxd4 b6 15. e5 dxe5 16. Qxe5 Nd7 17. Qf4 c5 18. Bxa8 Rxa8 19. Nb5 g5 20. Qg3 cxb4
21. Nc7 Rc8 22. Rbd1 Nc5 23. Nxe6 Nxe6 24. Qg4 Rc6 25. h4 Rxc2 26. Re2 Qc5 27. Red2 Rxd2 28. Rxd2 a5 29. Kh2 Qc7+ 30. g3 h6
31. f4 Qc3 32. Re2 Ng7 33. fxg5 a4 34. gxh6 f5 35. Qg6
1-0

[Event "UNDER 1600 WORLD CUP - Round 1 -  Group 'D'"]
[Site "SchemingMind.com"]
[Date "2008.04.30"]
[Round "-"]
[White "campbell"]
[Black "catfishcore"]
[Result "1-0"]
[WhiteCountry "IRL"]
[BlackCountry "USA"]
[WhiteElo "1565"]
[WhiteRD "86"]
[BlackElo "1437"]
[BlackRD "84"]
[GameID "152696"]

1. e4 b6 2. d4 Bb7 3. Nc3 e6 4. Nf3 Bb4 5. Bd3 d5 6. O-O Nf6 7. Bg5 Nbd7 8. e5 h6 9. exf6 hxg5 10. fxg7 Rg8
11. Re1 Rxg7 12. Bb5 f6 13. h4 g4 14. Nd2 Qe7 15. a3 Bd6 16. h5 f5 17. Qe2 O-O-O 18. a4 c6 19. Bd3 Rh7 20. Qxe6 Qh4
21. Qxd6 Qxh5 22. f3 Qh4 23. Bxf5 g3 24. Bxh7 Qh2+ 25. Kf1 Ba6+ 26. Bd3 Qh1+ 27. Ke2 Qxg2+ 28. Kd1 Kb7 29. Qb4 Rh8 30. a5 b5
31. Qd6 Rd8 32. Bxb5 cxb5 33. Nxd5 Qf2 34. Re7 Qxd4 35. Qc7+ Ka8 36. Qxd8+ Kb7 37. Qc7+ Ka8 38. Re8+ Nb8 39. Rxb8#
1-0

[Event "UNDER 1600 WORLD CUP - Round 1 -  Group 'D'"]
[Site "SchemingMind.com"]
[Date "2008.05.04"]
[Round "-"]
[White "campbell"]
[Black "Positionalgenius"]
[Result "1-0"]
[WhiteCountry "IRL"]
[BlackCountry "USA"]
[WhiteElo "1565"]
[WhiteRD "86"]
[BlackElo "1590"]
[BlackRD "90"]
[GameID "152697"]

1. e4 e5 2. Nf3 Nc6 3. d4 exd4 4. Nxd4 Qf6 5. c3 Bc5 6. Be3 Nxd4 7. cxd4 Bb4+ 8. Nc3 d6 9. Qa4+ Bd7 10. Qxb4 O-O-O
11. Bd3 Ne7 12. O-O Nc6 13. Qb3 h5 14. Qa4
1-0

[Event "UNDER 1600 WORLD CUP - Round 1 -  Group 'D'"]
[Site "SchemingMind.com"]
[Date "2008.05.04"]
[Round "-"]
[White "campbell"]
[Black "unluckythirtyfive"]
[Result "1-0"]
[WhiteCountry "IRL"]
[BlackCountry "USA"]
[WhiteElo "1643"]
[WhiteRD "81"]
[BlackElo "1550"]
[BlackRD "106"]
[GameID "152698"]

1. e4 e6 2. d4 d5 3. Nc3 Bb4 4. Bd2 Bxc3 5. Bxc3 dxe4 6. f3 exf3 7. Nxf3 Nf6 8. Ne5 Nbd7 9. Qe2 Qe7 10. O-O-O Nxe5
11. dxe5 Nd5 12. h4 Nxc3 13. bxc3 Qa3+ 14. Kb1 Qxc3 15. Qd3 Qxd3 16. Rxd3 Bd7 17. g3 Bb5 18. Rc3 Bxf1 19. Rxf1 c6 20. Rcf3 O-O
21. h5 Rad8 22. g4 Rd5 23. Re1 Rfd8 24. g5 Rd1+ 25. Rxd1 Rxd1+ 26. Kb2 Rg1 27. Rd3 g6 28. Rd8+ Kg7 29. h6#
1-0

[Event "UNDER 1600 WORLD CUP - Round 1 -  Group 'D'"]
[Site "SchemingMind.com"]
[Date "2008.04.29"]
[Round "-"]
[White "campbell"]
[Black "maro"]
[Result "1-0"]
[WhiteCountry "IRL"]
[BlackCountry "MEX"]
[WhiteElo "1565"]
[WhiteRD "86"]
[BlackElo "1271"]
[BlackRD "63"]
[GameID "152699"]

1. e4 e5 2. Nf3 d6 3. d4 Nc6 4. c3 b6 5. Bd3 Bb7 6. d5 Na5 7. O-O h5 8. c4 h4 9. Ng5 Be7 10. Nc3 Bxg5
11. Bxg5 Qxg5 12. h3 O-O-O 13. b4 Nxc4 14. Bxc4 Ne7 15. Rc1 Ng6 16. Qg4+ Qxg4 17. hxg4 h3 18. gxh3 Rxh3 19. Nb5 Kb8 20. Rc3 Rh4
21. Be2 Nf4 22. Re1 Rdh8 23. Bf3 Ba6 24. a4 g5 25. Rxc7 Bc8 26. Rec1 Bxg4 27. Bg2 Ne2+ 28. Kf1 Rh1+ 29. Bxh1 Rxh1+ 30. Kg2 Rxc1
31. Rxc1 Nxc1 32. f3 Bh5 33. Nxd6 Kc7 34. Nb5+ Kb7 35. d6 a6 36. Nc7 g4 37. fxg4 Bxg4 38. b5 a5 39. Nd5 f5 40. d7 f4
41. d8=Q Be6 42. Qc7+ Ka8 43. Nxb6#
1-0

[Event "UNDER 1600 WORLD CUP - Round 1 -  Group 'D'"]
[Site "SchemingMind.com"]
[Date "2008.05.04"]
[Round "-"]
[White "knightrider"]
[Black "campbell"]
[Result "1-0"]
[WhiteCountry "USA"]
[BlackCountry "IRL"]
[WhiteElo "1451"]
[WhiteRD "78"]
[BlackElo "1565"]
[BlackRD "86"]
[GameID "152700"]

1. e4 c5 2. Nf3 Nf6 3. Nc3 Nc6 4. Bb5 a6 5. Bxc6 bxc6 6. d3 d5 7. e5 Nh5 8. Ne2 g6 9. O-O Bg7 10. h3 f5
11. c4 O-O 12. Nf4 Nxf4 13. Bxf4 Be6 14. Ng5 Qc8 15. g3 dxc4 16. Rc1 Rd8 17. Nxe6 Qxe6 18. Rxc4 Qd5 19. g4 Bxe5 20. Bxe5 Qxe5
21. Qb3 Kg7 22. Qd1 Rab8 23. b3 Rb7 24. f4 Qe3+ 25. Kg2 Rxd3 26. Qf3 Qxf3+ 27. Rxf3 Rd2+ 28. Rf2 Rd5 29. g5 h6 30. h4 e5
31. fxe5 Rxe5 32. Rd2 Rb4 33. Rd7+ Kg8 34. gxh6 Rxc4 35. bxc4 Re6 36. Kf3 Re4 37. Rg7+ Kh8 38. Rxg6 Rxh4 39. Rxc6 Rxc4 40. Rf6 Kh7
41. Rxa6 Rc2 42. Kf4 Rg2 43. a4 Rg6 44. Rxg6 Kxg6 45. h7 Kxh7 46. Kxf5 c4= 47. Ke4
1-0

[Event "UNDER 1600 WORLD CUP - Round 1 -  Group 'D'"]
[Site "SchemingMind.com"]
[Date "2008.05.04"]
[Round "-"]
[White "catfishcore"]
[Black "campbell"]
[Result "1-0"]
[WhiteCountry "USA"]
[BlackCountry "IRL"]
[WhiteElo "1437"]
[WhiteRD "84"]
[BlackElo "1565"]
[BlackRD "86"]
[GameID "152701"]

1. Nf3 d5 2. c4 dxc4 3. Qa4+ c6 4. Qxc4 f6 5. e3 b5 6. Qb3 Nd7 7. Nd4 Ne5 8. Be2 e6 9. Nxe6 Qd6 10. Nd4 Ne7
11. Nc3 Nf5 12. a4 Nxd4 13. exd4 Qxd4 14. axb5 Rb8 15. d3 Bb4 16. O-O cxb5 17. Be3 Qd6 18. Ne4 Qe7 19. Bxa7 Be6 20. Qd1 Rc8
21. Bb6 O-O 22. d4 Qb7 23. Nc5 Qxb6 24. Ra6 Qb7 25. Nxb7 Bd5 26. Nd6 Rb8 27. Qc2 Nc4 28. Bxc4 bxc4 29. Nf5 Rfe8 30. Ne3 Be6
31. h3 Rbc8 32. d5 Bf7 33. d6 Rcd8 34. Rd1 Re6 35. Qxc4 Rexd6 36. Raxd6 Bxd6 37. Rxd6 Rxd6 38. Qc8+ Be8 39. Qxe8#
1-0

[Event "UNDER 1600 WORLD CUP - Round 1 -  Group 'D'"]
[Site "SchemingMind.com"]
[Date "2008.05.04"]
[Round "-"]
[White "Positionalgenius"]
[Black "campbell"]
[Result "0-1"]
[WhiteCountry "USA"]
[BlackCountry "IRL"]
[WhiteElo "1590"]
[WhiteRD "90"]
[BlackElo "1565"]
[BlackRD "86"]
[GameID "152702"]

1. e4 c5 2. Nf3 Nf6 3. d4 Nxe4 4. Bc4 d5 5. Bb5+ Bd7 6. Bxd7+ Qxd7 7. O-O e6 8. Ne5 Qc7 9. c3 Nc6 10. Nxc6 Qxc6
11. Nd2 g6 12. Nxe4 dxe4 13. Bg5 Bg7 14. f3 exf3
0-1